Programa de Investigación. Política, estado y actores políticos en Costa Rica

Na minha lista:
Detalhes bibliográficos
Autor Corporativo: Universidad de Costa Rica. Facultad de Ciencias Sociales. Instituto de Investigaciones Sociales
Formato: Texto
Publicado em: San José: IIS
Assuntos:
Tags: Adicionar Tag
Sem tags, seja o primeiro a adicionar uma tag!

MARC

LEADER 00000 a a2200000 04500
001 28074
003
040
090 |a 189600  
110 |a Universidad de Costa Rica. Facultad de Ciencias Sociales. Instituto de Investigaciones Sociales  
245 |a Programa de Investigación. Política, estado y actores políticos en Costa Rica  
260 |a San José:   |b IIS  
300 |a 20 p  
650 |a PROGRAMAS DE INVESTIGACION  
650 |a ESTILOS DE DESARROLLO  
999 |c 8770  |d 8770